000 00359pab a2200157 454500
008 180718b2010 xxu||||| |||| 00| 0 eng d
100 _aRen, Ting
245 _aValue congruence as a source of intrinsic motivation
260 _c2010
300 _ap.94-109.
362 _aFeb
650 _aMotivation
773 _aKyklos
908 _aN
909 _a86272
999 _c86272
_d86272